Local Councils of Malta on a Map - Statistics

General Stats
  • This quiz has been taken 2,698 times
    2,606 since last reset
  • The average score is 48 of 68
Answers on the Map
Answers color-coded by a green-red scale on the quiz's map according to % correct below.
 
Answer Stats
Region Population English Name % Correct
South Eastern 5,827 Valletta
94%
South Eastern 5,454 Marsa
88%
Northern 11,470 Rabat
87%
Central 22,591 Sliema
84%
Northern 243 Mdina
83%
Northern 29,097 St. Paul's Bay
83%
South Eastern 3,660 Marsaxlokk
82%
Northern 11,389 Mellieħa
82%
South Eastern 2,032 Floriana
81%
Central 24,356 Birkirkara
80%
Southern 6,162 Luqa
79%
Northern 20,988 Mosta
79%
Gozo 6,901 Victoria
79%
Gozo 2,956 Żebbuġ
79%
Southern 12,239 Żebbuġ
79%
South Eastern 2,489 Birgu
78%
Central 13,792 St. Julian's
78%
South Eastern 14,592 Marsaskala
77%
Northern 3,711 Dingli
76%
South Eastern 2,720 Isla
76%
Central 11,377 Attard
74%
Southern 12,915 Birżebbuġa
74%
Southern 9,743 Ħamrun
74%
Northern 3,802 Mġarr
74%
Northern 14,891 Naxxar
74%
Southern 16,801 Qormi
74%
South Eastern 5,170 Bormla
72%
Central 11,669 Gżira
72%
Central 13,713 Msida
72%
South Eastern 15,431 Żabbar
71%
South Eastern 11,386 Żejtun
71%
Southern 10,962 Żurrieq
71%
South Eastern 3,059 Kalkara
70%
South Eastern 8,706 Paola
70%
Northern 3,842 Pembroke
70%
Gozo 4,509 Nadur
69%
Gozo 2,931 Għajnsielem
68%
Central 4,892 Pietà
67%
Central 14,720 San Ġwann
67%
Southern 8,721 Siġġiewi
67%
Gozo 1,298 Għarb
66%
Northern 14,452 Swieqi
66%
Southern 2,800 Qrendi
65%
South Eastern 8,627 Tarxien
65%
Central 2,012 Ta' Xbiex
65%
Central 4,689 Balzan
64%
Central 3,202 Lija
64%
Northern 2,615 Mtarfa
64%
South Eastern 12,449 Fgura
63%
Southern 3,184 Gudja
63%
Gozo 2,284 Qala
63%
Northern 2,857 Għargħur
62%
Central 7,590 Santa Venera
62%
Gozo 3,300 Xewkija
62%
Southern 2,397 Kirkop
61%
Gozo 4,886 Xagħra
61%
South Eastern 1,830 Xgħajra
60%
Southern 4,860 Għaxaq
59%
Southern 3,339 Mqabba
59%
Gozo 748 San Lawrenz
59%
Gozo 2,117 Sannat
59%
Southern 2,954 Santa Luċija
59%
Gozo 922 Fontana
58%
Central 3,422 Iklin
58%
Gozo 1,938 Kerċem
58%
Gozo 1,454 Munxar
58%
Southern 2,280 Safi
58%
Gozo 424 Għasri
57%
No matching quizzes found
Score Distribution
Percent of People with Each Score
Percentile by Number Answered
Your Score History
You have not taken this quiz since the last reset